| 000 | 00529nam a2200181Ia 4500 | ||
|---|---|---|---|
| 999 |
_c11125 _d11125 |
||
| 003 | OSt | ||
| 005 | 20191217105237.0 | ||
| 008 | 190216s9999||||xx |||||||||||||| ||und|| | ||
| 020 | _a9780198069454 | ||
| 040 | _coclc | ||
| 082 |
_a338.954 _bGAD/I |
||
| 100 |
_aD R Gadgil _9514 |
||
| 245 | 0 |
_aThe Indian Economy Problems And Prospects / _cD R Gadgil |
|
| 260 |
_bOxford University Press, _c2011. _aNew Delhi: |
||
| 300 | _a432p | ||
| 650 | _aEconomics | ||
| 942 |
_cBK _2ddc _h338.954 _iGAD/I _k338.954 _mGAD/I |
||